Portmanteaus #4 - Statistics

General Stats
  • This quiz has been taken 37 times
  • The average score is 27 of 32
Answer Stats
Hint Answer % Correct
Brainiac Brain
100%
Bromance Brother
100%
Chillax Chill
100%
Frenemy Enemy
100%
Frenemy Friend
100%
Jeggings Leggings
100%
Mansplain Man
100%
Bromance Romance
100%
Camcorder Camera
97%
Athleisure Leisure
97%
Brainiac Maniac
97%
Chillax Relax
97%
Threepeat Repeat
97%
Threepeat Three
97%
Camcorder Recorder
94%
Athleisure Athletic
92%
Mansplain Explain
92%
Screamo Scream
92%
Vegemite Vegetable
92%
Glamping Camping
86%
Jeggings Jeans
83%
Twirl Twist
83%
Twirl Whirl
78%
Glamping Glamorous
72%
Puggle Pug
69%
Frosé Rosé
69%
Microsoft Software
69%
Frosé Frozen
61%
Vegemite Marmite
53%
Puggle Beagle
36%
Screamo Emo
33%
Microsoft Microcomputer
11%
No matching quizzes found
Score Distribution
Percent of People with Each Score
Percentile by Number Answered
Your Score History
You have not taken this quiz